00325nam a2200121Ia 4500008004100000041000800041082001600049100001800065245004500083260003700128300003100165365000700196240624s9999 xx 000 0 und d aeng a361.765 SUN aSUNDAR PUSHPA aBEYOND BUSINESS FROM MURCHANT CHARITY TO c2000aNew DelhibTata McGrawhill axii, : 393 : p. : cm. ; 24 cRS